| 000 | 00532nam a22001697a 4500 | ||
|---|---|---|---|
| 999 |
_c525256 _d525256 |
||
| 003 | NUST | ||
| 038 | _awaseem | ||
| 082 |
_a297.9923 _bKHO |
||
| 100 |
_aKhokar, M Zaman _915998 |
||
| 245 |
_aHazrat Qanbeet Ellah-e-ul-Islam Almaroof Sacha Peer / _cM Zaman Khokar |
||
| 260 |
_aGujrat : _bYasir Academy, _c2005. |
||
| 300 | _a176 p. ; | ||
| 500 | _aPaperback. | ||
| 880 |
_6100-01\r _aایم زمان کھوکھر |
||
| 880 |
_6245-02\r _aحضرت قنبیطہ علیہ السلام المعروف سچا پیر / |
||
| 942 |
_2ddc _cBK |
||